Prueba de Corrientes - Estadísticas

Estadísticas generales
  • Esta prueba ha sido intentada 29 veces
  • La puntuación promedio es 10 de 16
Estadísticas de respuestas
Pregunta Respuesta % Correcto
Idioma cooficial Guaraní
100%
Gentilicio Correntino
95%
Capital Corrientes
95%
Ríos que sirven como fronteras al este y oeste Paraná
95%
Estilo de música y danza que se caracteriza por una disposición polirítmica Chamamé
82%
Ríos que sirven como fronteras al este y oeste Uruguay
82%
En 1865, tropas paraguayas ocuparon la capital, lo que causaría la entrada de Argentina en esta guerra Guerra de la Triple Alianza
77%
Lo que se vende por la marca que también tiene ese nombre Yerba mate
68%
Roedor característico de Corrientes Carpincho
64%
Capas de agua encontradas en Iberá Esteros
64%
Cantante que comparte el apodo Novia del Paraná con Corrientes Ramona Galarza
45%
Universidad principal de Corrientes Universidad Nacional del Nordeste
36%
El cultivo tradicional de la provincia que experimenta una fuerza expansión Arroz
32%
Nombre de Corriente en ese idioma Taragüí
32%
Especie de ave cuyo nombre viene del significado ¡escapa! en el idioma cooficial Chajá
27%
Apodo de Aimé (Amado) Jacques Alexandre Goujaud Bonpland
14%
No se encontraron pruebas coincidentes
Distribución de puntuación
Porcentaje de gente con cada puntuación
Porcentaje por número respondido
Historial de tus puntuaciones
No has intentado esta prueba.